| 000 | 01176nam a2200313Ia 4500 | ||
|---|---|---|---|
| 003 | GCL | ||
| 008 | 140319s9999 xx 000 0 ara d | ||
| 040 |
_aGCL / _cGCL |
||
| 082 | 0 | 4 |
_a327.114 _bم ح |
| 100 | 1 | _aمارس ,جيم | |
| 245 | 1 | 0 |
_aالحكم بالسر : _bالتاريخ السرى بين الهيئة الثلاثية والماسونية والاهرامات الكبرى / _cمارس ,جيم |
| 700 | 1 | _aمحمد منير ادلبى | |
| 250 | _aالثالثة | ||
| 260 |
_aسوريا : _bالاوائل للنشر والتوزيع ، _c2004 |
||
| 300 |
_a576ص ؛ _c24سم |
||
| 650 | 0 | 4 | _aالسياسة الدولية |
| 650 | 0 | 4 | _aالماسونية |
| 650 | 0 | 4 | _aالجماعات الضاغطة |
| 650 | 0 | 4 | _aهتلر |
| 650 | 0 | 4 | _aالقوى العظمى |
| 650 | 0 | 4 | _aالثورة الفرنسية |
| 650 | 0 | 4 | _aالحرب العالمية الاولى 1914- 1918 |
| 650 | 0 | 4 | _aالحرب العالمية الثانية 1939 - 1945 |
| 650 | 0 | 4 | _aالتوازن السياسى |
| 650 | 0 | 4 | _aالثورة الروسيه |
| 650 | 0 | 4 | _aالثورة الامريكية |
| 650 | 0 | 4 | _aالهيئة الثلاثية |
| 942 |
_2ddc _cBK |
||
| 999 |
_c8542 _d8542 |
||